000
00286nam a2200109Ia 4500
008
240109s9999 xx 000 0 und d
041
_a
eng
100
_a
Chetverikov
245
_a
Data Processing For Control and Management.
260
_b
MIR Publishar Moscow.
650
_a
Management
999
_c
1019744
_d
1019744